00189nam a2200073Ia 4500008004100000100001200041245003800053260002400091170617s9999 xx 000 0 und d aC.S.I.R 4aThe Wealth of India:Raw Materials bCBS Publisher-delhi